[Event "World Cup U18 Prel"]
[Site "Tornelo INT"]
[Date "2021.08.18"]
[Round "6"]
[White "Spyropoulos, Nikolaos"]
[Black "Tengis, Tsogochir"]
[Result "1-0"]
[WhiteElo "2425"]
[BlackElo "2182"]
[PlyCount "49"]
[EventDate "2021.08.16"]
[EventType "swiss (rapid)"]
[EventRounds "10"]
[EventCountry "NET"]
[SourceTitle "CBM 203 Extra"]
[Source "ChessBase"]
[SourceDate "2021.09.30"]
[SourceVersion "1"]
[SourceVersionDate "2021.09.30"]
[SourceQuality "1"]

1. d4 Nf6 2. Nf3 g6 3. Bg5 Bg7 4. Nbd2 d5 5. e3 0-0 6. Be2 Ne4 7. Bf4 c6 8. 0-0 f5 9. c4 e6 10. Be5 Nd7 11. Bxg7 Kxg7 12. Rc1 g5 13. Nxe4 fxe4 14. Ne5 Qf6 15. f4 Nxe5 16. fxe5 Qe7 17. Rxf8 Qxf8 18. Qb3 a5 19. Rf1 Qb4 20. Qc2 Bd7 21. c5 a4 22. Bh5 Rf8 23. Rxf8 Kxf8 24. Qf2+ Ke7 25. Qf6# 1-0

[Event "Wch Blitz"]
[Site "Moscow"]
[Date "2019.12.30"]
[Round "21"]
[White "Tengis, Tsogochir"]
[Black "Tissir, Mohamed"]
[Result "1-0"]
[WhiteElo "2190"]
[BlackElo "2379"]
[PlyCount "75"]
[EventDate "2019.12.29"]
[EventType "swiss (blitz)"]
[EventRounds "21"]
[EventCountry "RUS"]
[SourceTitle "CBM 193 Extra"]
[Source "ChessBase"]
[SourceDate "2020.01.31"]
[SourceVersion "1"]
[SourceVersionDate "2020.01.31"]
[SourceQuality "1"]

1. Nf3 Nf6 2. c4 g6 3. b3 Bg7 4. Bb2 0-0 5. g3 d6 6. Bg2 e5 7. 0-0 c5 8. e3 Nc6 9. d4 e4 10. Nfd2 Re8 11. Nc3 Bf5 12. Nd5 cxd4 13. Nxf6+ Bxf6 14. exd4 Nxd4 15. Nxe4 Nf3+ 16. Qxf3 Bxb2 17. Rae1 Qa5 18. Re2 Bxe4 19. Rxe4 Be5 20. Qe2 Qb6 21. Kh1 Rf8 22. f4 Bf6 23. Re1 a5 24. g4 a4 25. g5 Bg7 26. bxa4 Rxa4 27. c5 Rxe4 28. cxb6 Rxe2 29. Rxe2 Bd4 30. f5 gxf5 31. Re7 Bxb6 32. Rxb7 Be3 33. h4 Rc8 34. Bd5 Rc2 35. Rxf7 Rd2 36. Be6 Kh8 37. Rf8+ Kg7 38. Rg8# 1-0

[Event "Wch Blitz"]
[Site "Moscow"]
[Date "2019.12.29"]
[Round "4"]
[White "Alekseenko, Kirill"]
[Black "Tengis, Tsogochir"]
[Result "0-1"]
[WhiteElo "2704"]
[BlackElo "2190"]
[PlyCount "84"]
[EventDate "2019.12.29"]
[EventType "swiss (blitz)"]
[EventRounds "21"]
[EventCountry "RUS"]
[SourceTitle "CBM 193 Extra"]
[Source "ChessBase"]
[SourceDate "2020.01.31"]
[SourceVersion "1"]
[SourceVersionDate "2020.01.31"]
[SourceQuality "1"]

1. e4 e5 2. Nf3 Nc6 3. Bc4 Bc5 4. c3 Nf6 5. d3 0-0 6. 0-0 d6 7. h3 h6 8. Re1 a6 9. a4 Be6 10. Bxe6 fxe6 11. d4 exd4 12. cxd4 Bb6 13. Be3 Nxe4 14. d5 Ne5 15. Bxb6 Nxf3+ 16. gxf3 Ng5 17. Be3 Nxf3+ 18. Kg2 Nxe1+ 19. Qxe1 exd5 20. Nc3 Qf6 21. Qd1 c6 22. Qg4 Rae8 23. Ne2 Re4 24. Qg3 d4 25. Bxd4 Rxd4 26. Nxd4 Qxd4 27. Re1 Rf5 28. h4 Re5 29. Rg1 Qxb2 30. Kh1 Re2 31. Qxd6 Qe5 32. Qd8+ Kh7 33. Qd3+ Qe4+ 34. Qxe4+ Rxe4 35. Rb1 Rxh4+ 36. Kg2 b5 37. axb5 cxb5 38. Ra1 Ra4 39. Rc1 b4 40. Rc4 a5 41. f4 Ra2+ 42. Kh3 b3 0-1

[Event "Wch Blitz"]
[Site "Moscow"]
[Date "2019.12.29"]
[Round "6"]
[White "Sarana, Alexey"]
[Black "Tengis, Tsogochir"]
[Result "1-0"]
[WhiteElo "2663"]
[BlackElo "2190"]
[PlyCount "45"]
[EventDate "2019.12.29"]
[EventType "swiss (blitz)"]
[EventRounds "21"]
[EventCountry "RUS"]
[SourceTitle "CBM 193 Extra"]
[Source "ChessBase"]
[SourceDate "2020.01.31"]
[SourceVersion "1"]
[SourceVersionDate "2020.01.31"]
[SourceQuality "1"]

1. d4 Nf6 2. Nf3 g6 3. c4 Bg7 4. Nc3 d5 5. cxd5 Nxd5 6. e4 Nxc3 7. bxc3 c5 8. Rb1 0-0 9. Be2 Qa5 10. 0-0 Rd8 11. Bg5 Nc6 12. d5 Bxc3 13. Qb3 Nd4 14. Nxd4 Bxd4 15. Bxe7 Re8 16. d6 Be6 17. Bc4 Bxc4 18. Qxc4 Rab8 19. Qd5 Rxe7 20. dxe7 Qc7 21. Rxb7 Rxb7 22. e8Q+ Kg7 23. Qec6 1-0

[Event "Wch Blitz"]
[Site "Moscow"]
[Date "2019.12.29"]
[Round "3"]
[White "Tengis, Tsogochir"]
[Black "Nozdrachev, Vladislav"]
[Result "1/2-1/2"]
[WhiteElo "2190"]
[BlackElo "2494"]
[PlyCount "114"]
[EventDate "2019.12.29"]
[EventType "swiss (blitz)"]
[EventRounds "21"]
[EventCountry "RUS"]
[SourceTitle "CBM 193 Extra"]
[Source "ChessBase"]
[SourceDate "2020.01.31"]
[SourceVersion "1"]
[SourceVersionDate "2020.01.31"]
[SourceQuality "1"]

1. Nf3 d5 2. e3 Nf6 3. c4 e6 4. b3 c6 5. Bb2 Bd6 6. g3 Nbd7 7. Bg2 0-0 8. 0-0 b6 9. Nc3 Bb7 10. Rc1 a6 11. a4 e5 12. d4 e4 13. Nd2 Qe7 14. a5 b5 15. c5 Bc7 16. b4 Rfe8 17. Qe2 Nf8 18. Rce1 Bc8 19. Bc1 Bg4 20. f3 exf3 21. Bxf3 Bh3 22. Bg2 Bxg2 23. Qxg2 Ne6 24. Nf3 g6 25. e4 Nxe4 26. Nxe4 dxe4 27. Rxe4 Qd7 28. Rfe1 Ng7 29. Rxe8+ Rxe8 30. Rxe8+ Qxe8 31. Kf1 Nf5 32. Qe2 Qd7 33. Qe4 Ne7 34. Bg5 Nd5 35. Ne5 Bxe5 36. Qxe5 Nxb4 37. Qb8+ Kg7 38. Qe5+ f6 39. Qxf6+ Kg8 40. Kg1 Nc2 41. d5 Qxd5 42. Qe7 h5 43. Qe8+ Kg7 44. Qe7+ Qf7 45. Bf6+ Kg8 46. Qd8+ Qf8 47. Qd6 Nb4 48. Qe6+ Kh7 49. h4 Nd5 50. Qd7+ Kg8 51. Qe6+ Kh7 52. Qd7+ Kg8 53. Qe6+ Qf7 54. Qc8+ Qf8 55. Qe6+ Qf7 56. Qc8+ Qf8 57. Qe6+ Qf7 1/2-1/2

[Event "Wch Rapid"]
[Site "Moscow"]
[Date "2019.12.28"]
[Round "14"]
[White "Tengis, Tsogochir"]
[Black "Carlsson, Pontus"]
[Result "0-1"]
[WhiteElo "2190"]
[BlackElo "2456"]
[PlyCount "100"]
[EventDate "2019.12.26"]
[EventType "swiss (rapid)"]
[EventRounds "15"]
[EventCountry "RUS"]
[SourceTitle "CBM 193 Extra"]
[Source "ChessBase"]
[SourceDate "2020.01.31"]
[SourceVersion "1"]
[SourceVersionDate "2020.01.31"]
[SourceQuality "1"]

1. Nf3 Nf6 2. c4 c5 3. b3 e6 4. Bb2 b6 5. g3 Bb7 6. Bg2 Be7 7. 0-0 0-0 8. Nc3 d6 9. Rc1 Nbd7 10. d4 cxd4 11. Qxd4 a6 12. Rfd1 Qc7 13. Ba3 Nc5 14. Na4 Rfd8 15. Nxc5 bxc5 16. Qd2 a5 17. Ne1 Qb6 18. Nd3 Bxg2 19. Kxg2 Qb7+ 20. f3 h6 21. Bb2 a4 22. b4 cxb4 23. Nxb4 a3 24. Bd4 Rac8 25. Nd3 Qa6 26. Qb4 Rb8 27. Qc3 Rdc8 28. e4 d5 29. exd5 Nxd5 30. Qe1 Nb4 31. Nxb4 Rxb4 32. c5 Qa4 33. Qe3 Rc4 34. Qd3 Rxc1 35. Rxc1 Rd8 36. Rc4 Qc6 37. Qxa3 e5 38. Be3 f5 39. Qb3 Kh8 40. Qa4 Qe6 41. c6 f4 42. c7 Rc8 43. Bf2 fxg3 44. hxg3 Bd6 45. Qa6 Qd7 46. Bb6 e4 47. Rxe4 Bxc7 48. Rc4 Kh7 49. Qb7 Qd2+ 50. Bf2 Bxg3 0-1

[Event "Wch Rapid"]
[Site "Moscow"]
[Date "2019.12.28"]
[Round "11"]
[White "Tengis, Tsogochir"]
[Black "Sek, Konstantin"]
[Result "0-1"]
[WhiteElo "2190"]
[BlackElo "2446"]
[PlyCount "74"]
[EventDate "2019.12.26"]
[EventType "swiss (rapid)"]
[EventRounds "15"]
[EventCountry "RUS"]
[SourceTitle "CBM 193 Extra"]
[Source "ChessBase"]
[SourceDate "2020.01.31"]
[SourceVersion "1"]
[SourceVersionDate "2020.01.31"]
[SourceQuality "1"]

1. Nf3 Nf6 2. c4 c5 3. b3 Nc6 4. Bb2 d5 5. e3 e6 6. cxd5 exd5 7. d4 cxd4 8. Nxd4 Bb4+ 9. Bc3 Bd6 10. Nd2 0-0 11. Be2 a6 12. h3 Bc7 13. Qc2 Qd6 14. Rc1 Bd7 15. Bd3 Rfe8 16. N2f3 Ne4 17. Nxc6 bxc6 18. Bxe4 dxe4 19. Nd2 Qg6 20. Ke2 h5 21. Rcg1 c5 22. a4 Rad8 23. g4 hxg4 24. hxg4 Bxg4+ 25. Ke1 f5 26. Rh4 Rd3 27. Nxe4 Red8 28. Bd2 Qc6 29. Qc4+ Qd5 30. Qxd5+ R3xd5 31. Rhxg4 fxg4 32. Rxg4 Rxd2 33. Nxd2 Ba5 34. Rc4 Bxd2+ 35. Ke2 Bb4 36. Rc2 Kf7 37. f4 Kf6 0-1

[Event "Wch Rapid"]
[Site "Moscow"]
[Date "2019.12.27"]
[Round "9"]
[White "Tengis, Tsogochir"]
[Black "Shcherbakov, Ruslan"]
[Result "0-1"]
[WhiteElo "2190"]
[BlackElo "2527"]
[PlyCount "79"]
[EventDate "2019.12.26"]
[EventType "swiss (rapid)"]
[EventRounds "15"]
[EventCountry "RUS"]
[SourceTitle "CBM 193 Extra"]
[Source "ChessBase"]
[SourceDate "2020.01.31"]
[SourceVersion "1"]
[SourceVersionDate "2020.01.31"]
[SourceQuality "1"]

1. Nf3 Nf6 2. g3 b5 3. Bg2 Bb7 4. b3 e6 5. Bb2 Be7 6. 0-0 0-0 7. c4 bxc4 8. bxc4 c5 9. e3 d5 10. cxd5 exd5 11. d4 Nbd7 12. dxc5 Nxc5 13. Qd4 Ne6 14. Qa4 Ne4 15. Nbd2 N6c5 16. Qd4 Bf6 17. Qb4 a5 18. Bxf6 axb4 19. Bxd8 Rfxd8 20. Rfb1 Ra4 21. Nb3 Nd3 22. Nfd4 Rc8 23. Bf1 Ndxf2 24. h4 Rc3 25. Rc1 g6 26. Ne2 Rxe3 27. Nc5 Ra7 28. Rab1 Ba6 29. Nxa6 Rxa6 30. Rc2 Nd3 31. Nc1 Rxg3+ 32. Kh1 Ndf2+ 33. Kh2 Rf6 34. Rxb4 Nd1 35. Bg2 Rc3 36. Rxc3 Ndxc3 37. a3 Rf2 38. Nd3 Ra2 39. Rb3 Kg7 40. Rb7 0-1

[Event "Wch Rapid"]
[Site "Moscow"]
[Date "2019.12.26"]
[Round "4"]
[White "Bosiocic, Marin"]
[Black "Tengis, Tsogochir"]
[Result "1-0"]
[WhiteElo "2623"]
[BlackElo "2190"]
[PlyCount "157"]
[EventDate "2019.12.26"]
[EventType "swiss (rapid)"]
[EventRounds "15"]
[EventCountry "RUS"]
[SourceTitle "CBM 193 Extra"]
[Source "ChessBase"]
[SourceDate "2020.01.31"]
[SourceVersion "1"]
[SourceVersionDate "2020.01.31"]
[SourceQuality "1"]

1. d4 Nf6 2. Nf3 g6 3. g3 Bg7 4. Bg2 0-0 5. 0-0 d5 6. Na3 c6 7. c4 Bf5 8. Qb3 Qb6 9. Rd1 Qxb3 10. axb3 Nbd7 11. Bf4 a6 12. Rac1 Rac8 13. Ne5 Rfd8 14. Nxd7 Bxd7 15. Be5 Be6 16. f3 Bh6 17. Rc3 b5 18. cxb5 cxb5 19. Bxf6 exf6 20. b4 Bf8 21. Rc5 Bxc5 22. bxc5 b4 23. Nc2 a5 24. Kf2 f5 25. Ke3 Bd7 26. Ra1 Ra8 27. Kd2 Bc6 28. f4 f6 29. Bf3 Kf7 30. g4 fxg4 31. Bxg4 Rdb8 32. Bf3 a4 33. h4 Ke6 34. Bg4+ f5 35. Bf3 a3 36. b3 Ba4 37. bxa4 b3 38. Rxa3 b2 39. Re3+ Kd7 40. Na3 b1Q 41. Nxb1 Rxb1 42. Re5 Rxa4 43. Rxd5+ Kc7 44. Rd6 Rb3 45. Ke1 Rbb4 46. d5 Rxf4 47. Rf6 Rac4 48. Rf7+ Kd8 49. c6 Rfd4 50. Kf2 h6 51. Rd7+ Kc8 52. Rg7 g5 53. hxg5 hxg5 54. Rxg5 f4 55. Rg7 Rc1 56. Bg4+ Kb8 57. Rb7+ Ka8 58. Bf3 Rc3 59. Rd7 Kb8 60. d6 Kc8 61. Bg4 f3 62. Bxf3 Rc5 63. Ke3 Rcc4 64. Bg2 Rd1 65. Kf2 Rc3 66. Be4 Rc5 67. Ke3 Rc3+ 68. Kf4 Rc5 69. Bf3 Rd4+ 70. Ke3 Rcc4 71. Kf2 Rc1 72. Bg2 Rc3 73. Bf3 Rc1 74. Kg2 Rc5 75. Kh3 Rc3 76. Kg3 Rc1 77. e3 Rd2 78. Bg4 Rg1+ 79. Kf3 1-0

[Event "Wch Rapid"]
[Site "Moscow"]
[Date "2019.12.26"]
[Round "5"]
[White "Tengis, Tsogochir"]
[Black "Khusnutdinov, Rustam"]
[Result "0-1"]
[WhiteElo "2190"]
[BlackElo "2491"]
[PlyCount "68"]
[EventDate "2019.12.26"]
[EventType "swiss (rapid)"]
[EventRounds "15"]
[EventCountry "RUS"]
[SourceTitle "CBM 193 Extra"]
[Source "ChessBase"]
[SourceDate "2020.01.31"]
[SourceVersion "1"]
[SourceVersionDate "2020.01.31"]
[SourceQuality "1"]

1. Nf3 d5 2. e3 Bg4 3. c4 c6 4. Nc3 e6 5. b3 Nd7 6. Bb2 Ngf6 7. Be2 Bd6 8. h3 Bh5 9. 0-0 0-0 10. Rc1 Qe7 11. d4 Rad8 12. Qd2 Bb8 13. Ne1 Bg6 14. f4 Ne4 15. Nxe4 Bxe4 16. Nf3 Rfe8 17. Qe1 Nf6 18. Ne5 Bg6 19. Bf3 Ne4 20. h4 f6 21. h5 Bf5 22. Nd3 h6 23. Bxe4 Bxe4 24. Nf2 Bh7 25. Qe2 e5 26. dxe5 fxe5 27. cxd5 exf4 28. dxc6 fxe3 29. c7 Bxc7 30. Qc4+ Kh8 31. Qxc7 exf2+ 32. Rxf2 Rd1+ 33. Rf1 Rxf1+ 34. Kxf1 Qe2+ 0-1

[Event "World ol U16"]
[Site "Corum"]
[Date "2019.11.04"]
[Round "8.5"]
[White "Tengis, Tsogochir"]
[Black "Peycheva, Gergana"]
[Result "0-1"]
[WhiteElo "2111"]
[BlackElo "2246"]
[PlyCount "86"]
[EventDate "2019.10.29"]
[EventType "team-swiss"]
[EventRounds "9"]
[EventCountry "TUR"]
[SourceTitle "CBM 192 Extra"]
[Source "Chessbase"]
[SourceDate "2019.11.06"]
[SourceVersion "1"]
[SourceVersionDate "2019.11.06"]
[SourceQuality "1"]
[WhiteTeam "Mongolia"]
[BlackTeam "Bulgaria"]
[WhiteTeamCountry "MGL"]
[BlackTeamCountry "BUL"]

1. Nf3 Nf6 2. g3 e6 3. Bg2 d5 4. d4 Be7 5. 0-0 0-0 6. Ne5 c6 7. f4 b6 8. g4 Ne4 9. Nd2 f6 10. Nd3 f5 11. Nxe4 dxe4 12. Ne5 Bb7 13. c3 Nd7 14. gxf5 Nxe5 15. f6 Ng4 16. fxe7 Qxe7 17. e3 Nf6 18. b3 Rad8 19. a4 Qf7 20. a5 Rd5 21. axb6 axb6 22. Ra7 Ra8 23. Rxa8+ Bxa8 24. Qe2 Ra5 25. b4 Ra1 26. Bb2 Ra2 27. Rb1 Nd5 28. Qd2 Qg6 29. c4 Nxf4 30. exf4 e3 31. Qd1 c5 32. d5 e2 33. Qe1 exd5 34. f5 Qg4 35. h3 Qxc4 36. Be5 d4 37. Bxa8 Rxa8 38. Qg3 Ra7 39. bxc5 Qxc5 40. Bf4 Qxf5 41. Rxb6 Ra1+ 42. Kg2 Qe4+ 43. Kh2 Qh1# 0-1

[Event "World ol U16"]
[Site "Corum"]
[Date "2019.10.29"]
[Round "1.1"]
[White "Manafov, Vugar Gulam"]
[Black "Tengis, Tsogochir"]
[Result "1/2-1/2"]
[WhiteElo "2357"]
[BlackElo "2111"]
[PlyCount "58"]
[EventDate "2019.10.29"]
[EventType "team-swiss"]
[EventRounds "9"]
[EventCountry "TUR"]
[SourceTitle "CBM 192 Extra"]
[Source "Chessbase"]
[SourceDate "2019.11.06"]
[SourceVersion "1"]
[SourceVersionDate "2019.11.06"]
[SourceQuality "1"]
[WhiteTeam "Azerbaijan"]
[BlackTeam "Mongolia"]
[WhiteTeamCountry "AZE"]
[BlackTeamCountry "MGL"]

1. d4 Nf6 2. c4 g6 3. g3 c6 4. Bg2 d5 5. cxd5 cxd5 6. Nf3 Bg7 7. 0-0 0-0 8. Ne5 Ne4 9. Nd2 Nxd2 10. Bxd2 Nd7 11. Nxd7 Bxd7 12. Bxd5 Bh3 13. Bxb7 Rb8 14. Bg2 Bxg2 15. Kxg2 Rxb2 16. Bc3 Qd5+ 17. Kg1 Rxa2 18. e3 Rc8 19. Bb4 Bf6 20. Rxa2 Qxa2 21. Qa1 Qc4 22. Bd2 Qe2 23. Bb4 Qc4 24. Bd2 Qe2 25. Bb4 Qb5 26. Qa3 e5 27. Qxa7 exd4 28. exd4 Qxb4 29. Qa6 Rd8 1/2-1/2

[Event "Eastern Asia-ch zt 3.3"]
[Site "Ulaanbaatar"]
[Date "2019.04.14"]
[Round "8"]
[White "Tengis, Tsogochir"]
[Black "Erkhembayar, Tserentsoodol"]
[Result "1/2-1/2"]
[WhiteElo "2207"]
[BlackElo "1757"]
[PlyCount "88"]
[EventDate "2019.04.07"]
[EventType "swiss"]
[EventRounds "9"]
[EventCountry "MGL"]
[SourceTitle "CBM 189 Extra"]
[Source "ChessBase"]
[SourceDate "2019.06.03"]
[SourceVersion "1"]
[SourceVersionDate "2019.06.03"]
[SourceQuality "1"]

1. d4 d5 2. c4 e6 3. Nf3 Nf6 4. Nc3 b6 5. Bf4 Bd6 6. Bxd6 Qxd6 7. e3 0-0 8. h4 Bb7 9. cxd5 Nxd5 10. Bd3 Nxc3 11. bxc3 Bxf3 12. Qxf3 Nd7 13. h5 h6 14. g4 f6 15. 0-0 Rae8 16. Rad1 f5 17. g5 hxg5 18. Qg2 Qe7 19. f4 g4 20. e4 Qh4 21. e5 Kf7 22. d5 Nc5 23. dxe6+ Nxe6 24. Bxf5 Kg8 25. Bg6 Re7 26. Rd3 c6 27. Qxc6 g3 28. Qg2 Nxf4 29. Rdf3 Nxg6 30. hxg6 Rxf3 31. Rxf3 Rxe5 32. Rxg3 Qd8 33. Qf1 Qe8 34. Qd3 b5 35. Kf2 Qc6 36. Qf3 Qxf3+ 37. Kxf3 Kf8 38. Kf4 Rc5 39. Re3 a5 40. Ke4 Rc6 41. Rg3 Ke7 42. Kd5 Kd7 43. a3 Kc7 44. Ke5 Rf6 1/2-1/2

[Event "Eastern Asia-ch zt 3.3"]
[Site "Ulaanbaatar"]
[Date "2019.04.10"]
[Round "4"]
[White "Tengis, Tsogochir"]
[Black "Bilguun, Sumiya"]
[Result "0-1"]
[WhiteElo "2207"]
[BlackElo "2488"]
[PlyCount "98"]
[EventDate "2019.04.07"]
[EventType "swiss"]
[EventRounds "9"]
[EventCountry "MGL"]
[SourceTitle "CBM 189 Extra"]
[Source "ChessBase"]
[SourceDate "2019.06.03"]
[SourceVersion "1"]
[SourceVersionDate "2019.06.03"]
[SourceQuality "1"]

1. d4 d5 2. c4 e6 3. Nf3 Nf6 4. g3 dxc4 5. Bg2 Bb4+ 6. Bd2 a5 7. 0-0 0-0 8. Bg5 h6 9. Bxf6 Qxf6 10. a3 Bd6 11. Nc3 Nc6 12. e4 e5 13. Nd5 Qd8 14. Qd2 Be6 15. dxe5 Nxe5 16. Nxe5 Bxe5 17. f4 Bxd5 18. exd5 Bf6 19. Rac1 b5 20. a4 c6 21. Rfd1 Qb6+ 22. Qf2 Qxf2+ 23. Kxf2 Bxb2 24. Rc2 c3 25. dxc6 b4 26. Bd5 Rac8 27. Bb3 Rxc6 28. Rd5 Ra6 29. Rd7 Kh7 30. h4 h5 31. Kf3 Kh6 32. Rd5 Re8 33. Re5 Rxe5 34. fxe5 Ra7 35. g4 hxg4+ 36. Kxg4 Rd7 37. Re2 Rd2 38. Rxd2 cxd2 39. Kf4 g6 40. Bd1 Bd4 41. Ke4 Bf2 42. Kd3 Bxh4 43. Kxd2 Bg3 44. Bb3 Bxe5 45. Bxf7 g5 46. Be6 Kh5 47. Ke3 g4 48. Ke4 g3 49. Kf3 Kg5 0-1

[Event "Eastern Asia-ch zt 3.3"]
[Site "Ulaanbaatar"]
[Date "2019.04.07"]
[Round "1"]
[White "Bulgankhan, Ganzorig"]
[Black "Tengis, Tsogochir"]
[Result "1/2-1/2"]
[WhiteElo "1936"]
[BlackElo "2207"]
[PlyCount "73"]
[EventDate "2019.04.07"]
[EventType "swiss"]
[EventRounds "9"]
[EventCountry "MGL"]
[SourceTitle "CBM 189 Extra"]
[Source "ChessBase"]
[SourceDate "2019.06.03"]
[SourceVersion "1"]
[SourceVersionDate "2019.06.03"]
[SourceQuality "1"]

1. d4 Nf6 2. c4 g6 3. Nc3 d5 4. cxd5 Nxd5 5. Bd2 Bg7 6. e4 Nxc3 7. Bxc3 c5 8. d5 e5 9. Nf3 0-0 10. Bc4 Bg4 11. h3 Bxf3 12. Qxf3 Qd6 13. 0-0 a6 14. a4 Nd7 15. a5 f5 16. Rab1 Kh8 17. Ba2 Rae8 18. b4 fxe4 19. Qxe4 Rf4 20. bxc5 Nxc5 21. Qc2 g5 22. Rb6 Qd7 23. Bd2 Ra4 24. Bb1 Bf8 25. Bxg5 e4 26. Be3 Rc8 27. Rc1 Qxd5 28. Rd1 Qc4 29. Qd2 Qf7 30. Qc3+ Bg7 31. Qxc5 Rxc5 32. Rd8+ Qf8 33. Rxf8+ Bxf8 34. Bxc5 Bxc5 35. Rxb7 Rd4 36. h4 Bd6 37. Kf1 1/2-1/2

[Event "Wch U14"]
[Site "Porto Carras"]
[Date "2018.10.23"]
[Round "5"]
[White "Tengis, Tsogochir"]
[Black "Murzin, Volodar"]
[Result "1-0"]
[WhiteElo "2205"]
[BlackElo "2340"]
[PlyCount "91"]
[EventDate "2018.10.20"]
[EventType "swiss"]
[EventRounds "11"]
[EventCountry "GRE"]
[SourceTitle "CBM 187 Extra"]
[Source "ChessBase"]
[SourceDate "2018.11.04"]
[SourceVersion "1"]
[SourceVersionDate "2018.11.04"]
[SourceQuality "1"]

1. d4 d5 2. c4 c6 3. Nf3 Nf6 4. g3 Bf5 5. Bg2 e6 6. 0-0 Nbd7 7. Ne5 Bd6 8. f4 0-0 9. Nc3 Bb4 10. h3 Bxc3 11. bxc3 Nxe5 12. dxe5 Nd7 13. g4 Bg6 14. cxd5 cxd5 15. f5 exf5 16. gxf5 Bh5 17. Bf4 Re8 18. Qd4 Bxe2 19. Rf2 Bc4 20. Rb1 b6 21. Re1 Nc5 22. Re3 Rc8 23. e6 Ne4 24. Bxe4 dxe4 25. Bd6 Bxe6 26. fxe6 Rxe6 27. Bf4 Qe7 28. Rg3 Rg6 29. Rxg6 hxg6 30. Qe5 Qd7 31. Be3 Re8 32. Qf4 f6 33. Qg4 Qd3 34. Qxg6 Re7 35. Bd4 Qxh3 36. Rxf6 e3 37. Rd6 Qc8 38. Qg5 Qe8 39. Re6 Qf7 40. Rxe7 Qf2+ 41. Kh1 Qf1+ 42. Kh2 Qf2+ 43. Kh3 Qf3+ 44. Kh4 Qh1+ 45. Kg4 Qg2+ 46. Kf4 1-0

[Event "Wch U14"]
[Site "Porto Carras"]
[Date "2018.10.22"]
[Round "4"]
[White "Cardoso Cardoso, Jose Gabriel"]
[Black "Tengis, Tsogochir"]
[Result "1-0"]
[WhiteElo "2313"]
[BlackElo "2205"]
[PlyCount "71"]
[EventDate "2018.10.20"]
[EventType "swiss"]
[EventRounds "11"]
[EventCountry "GRE"]
[SourceTitle "CBM 187 Extra"]
[Source "ChessBase"]
[SourceDate "2018.11.04"]
[SourceVersion "1"]
[SourceVersionDate "2018.11.04"]
[SourceQuality "1"]

1. d4 Nf6 2. c4 e6 3. Nc3 d5 4. cxd5 exd5 5. Bg5 c6 6. e3 Bb4 7. Qc2 h6 8. Bh4 Bg4 9. Bd3 Nbd7 10. h3 Be6 11. Nge2 c5 12. 0-0 0-0 13. Rad1 Rc8 14. dxc5 Nxc5 15. Bh7+ Kh8 16. Bf5 Qd7 17. Bxe6 fxe6 18. Nf4 Kg8 19. Bxf6 gxf6 20. Ncxd5 exd5 21. Nxd5 Na6 22. Qb3 Qf7 23. Rd4 Bc5 24. Rf4 Kh8 25. Rxf6 Qg7 26. Re6 Nc7 27. Nxc7 Rxc7 28. Rc1 b6 29. Rc4 h5 30. Qd1 Rf5 31. b4 Rd7 32. Qc2 Rg5 33. bxc5 Rxg2+ 34. Kf1 Rg1+ 35. Ke2 Qg2 36. Rh6+ 1-0

[Event "Wch U12"]
[Site "Batumi"]
[Date "2016.10.28"]
[Round "9"]
[White "Suleymanli, Aydin Elshan"]
[Black "Tengis, Tsogochir"]
[Result "1/2-1/2"]
[WhiteElo "2119"]
[BlackElo "2093"]
[PlyCount "67"]
[EventDate "2016.10.19"]
[EventType "swiss"]
[EventRounds "11"]
[EventCountry "GEO"]
[SourceTitle "EXT 2018"]
[Source "ChessBase"]
[SourceDate "2017.10.13"]
[SourceVersion "1"]
[SourceVersionDate "2017.10.13"]
[SourceQuality "1"]

1. d4 Nf6 2. c4 g6 3. Nc3 d5 4. cxd5 Nxd5 5. Bd2 Bg7 6. e4 Nb6 7. Be3 0-0 8. Be2 e5 9. Nf3 exd4 10. Nxd4 Qe7 11. Qc2 f5 12. f3 fxe4 13. Nxe4 Qb4+ 14. Qc3 Qxc3+ 15. Nxc3 Re8 16. Kf2 Nc6 17. Ndb5 Re7 18. Bc5 Re5 19. Ba3 Bf5 20. f4 Rxe2+ 21. Nxe2 a6 22. Nbc3 Nc4 23. Rad1 b5 24. Nd5 b4 25. Bxb4 Nxb2 26. Bc3 Nxd1+ 27. Rxd1 Rd8 28. Rd2 Rd7 29. g3 Be6 30. Nf6+ Bxf6 31. Rxd7 Bxd7 32. Bxf6 Kf7 33. Bc3 Ne7 34. Be5 1/2-1/2

[Event "Wch U12"]
[Site "Batumi"]
[Date "2016.10.26"]
[Round "7"]
[White "Tengis, Tsogochir"]
[Black "Loladze, Andria"]
[Result "1-0"]
[WhiteElo "2093"]
[BlackElo "1569"]
[PlyCount "63"]
[EventDate "2016.10.19"]
[EventType "swiss"]
[EventRounds "11"]
[EventCountry "GEO"]
[SourceTitle "EXT 2018"]
[Source "ChessBase"]
[SourceDate "2017.10.13"]
[SourceVersion "1"]
[SourceVersionDate "2017.10.13"]
[SourceQuality "1"]

1. d4 Nf6 2. g3 g6 3. Bg2 d5 4. c4 c6 5. Nf3 Bg7 6. 0-0 0-0 7. cxd5 cxd5 8. Nc3 e6 9. b3 Ne4 10. Nxe4 dxe4 11. Ne5 f5 12. Ba3 Re8 13. e3 b5 14. f3 Bb7 15. fxe4 Nd7 16. Nd3 Nf6 17. Nc5 Bxe4 18. Nxe4 Nxe4 19. Rc1 Rc8 20. Bxe4 fxe4 21. Rxc8 Qxc8 22. Qe2 Qd7 23. Qc2 e5 24. dxe5 Bxe5 25. Rd1 Qf5 26. Qc6 Qf7 27. Rf1 Qe6 28. Rf8+ Kg7 29. Qxe8 Qb6 30. Qxe5+ Kh6 31. Rf2 Qxe3 32. Bf8# 1-0

[Event "Wch U12"]
[Site "Batumi"]
[Date "2016.10.24"]
[Round "6"]
[White "Amartuvshin, Ganzorig"]
[Black "Tengis, Tsogochir"]
[Result "1-0"]
[WhiteElo "1909"]
[BlackElo "2093"]
[PlyCount "113"]
[EventDate "2016.10.19"]
[EventType "swiss"]
[EventRounds "11"]
[EventCountry "GEO"]
[SourceTitle "EXT 2018"]
[Source "ChessBase"]
[SourceDate "2017.10.13"]
[SourceVersion "1"]
[SourceVersionDate "2017.10.13"]
[SourceQuality "1"]

1. d4 Nf6 2. c4 g6 3. Nc3 d5 4. cxd5 Nxd5 5. e4 Nxc3 6. bxc3 Bg7 7. Nf3 0-0 8. Be2 c5 9. 0-0 Qc7 10. Be3 Rd8 11. Rc1 Nd7 12. d5 b6 13. c4 e5 14. Qc2 Nf8 15. Bd3 Qd6 16. a4 Qd7 17. Nd2 Qd6 18. a5 f6 19. Ra1 Bd7 20. Rfb1 Be8 21. Qb3 Nd7 22. Qa3 Rab8 23. f3 Qf8 24. Rb2 f5 25. Nb1 f4 26. Bf2 g5 27. Nc3 Nf6 28. Rab1 Qd6 29. Nb5 Bxb5 30. Rxb5 Nd7 31. g4 h5 32. h3 hxg4 33. hxg4 Kf7 34. Bf1 Bf6 35. R5b2 Be7 36. Qa4 Rdc8 37. Be1 Rh8 38. Qc6 Rhc8 39. Qxd6 Bxd6 40. Be2 Rh8 41. Bd1 Rh3 42. Ba4 Rbh8 43. Rg2 Nf6 44. axb6 axb6 45. Rxb6 Rh1+ 46. Kf2 Ra8 47. Bb3 Ra1 48. Bd2 Nxe4+ 49. Ke2 Ng3+ 50. Kd3 Ke7 51. Rb7+ Kd8 52. Bc3 Raf1 53. Ba4 Rxf3+ 54. Kc2 Kc8 55. Rd7 Rxc3+ 56. Kxc3 Ne4+ 57. Kb2 1-0